000 00967nam a2200277Ia 4500
001 27677
003 91869
005 20251029075757.0
008 ||||||n9999 ||| || ||
041 _aspa
100 _aGarcia Contreras, Julio Cesar
_939301
245 0 _aLa libertad de pensamiento y la participacion como fundamento de la autonomia en las instituciones universitarias nortesantandereanas
260 _aBogotá :
_bEscuela Superior de Administración Pública - ESAP,
_c1995.
300 _a200h
500 _aTesis
562 _e1
650 0 _aDerecho a la libertad de expresión
_924136
650 0 _aESPECIALIZACIÓN EN DERECHOS HUMANOS--TESIS Y DISERTACIONES ACADÉMICAS
_925068
650 0 _aEstudiantes
_93432
650 _aINDEPENDENCIA
_94445
650 _aREFORMA UNIVERSITARIA
_939303
650 _aSANTANDER (COLOMBIA)
_93055
650 0 _aTesis y disertaciones académicas
_93
650 0 _aUniversidades
_9115
942 _cTESIS
999 _c27677
_d27677